[Event "European Online Chess Club Cup 2021 - G"]
[Site "Tornelo.com"]
[Date "2021.03.27"]
[Round "1.1"]
[White "Rapport, Richard"]
[Black "Horvath, Laszlo"]
[Result "1-0"]
[WhiteElo "2763"]
[BlackElo "2183"]
[PlyCount "59"]
[EventDate "2021.03.27"]
[EventType "team"]
[EventRounds "9"]
[WhiteTeam "OSG Baden Baden e.V."]
[BlackTeam "Triesen"]

1. c4 Nf6 2. Nc3 g6 3. e4 d6 4. d4 Bg7 5. Nge2 O-O 6. Ng3 c6 7. Be2 e5 8. d5
cxd5 9. exd5 Ne8 10. h4 h6 11. Be3 f5 12. f4 Nd7 13. Qd2 h5 14. O-O-O e4 15.
Kb1 Bf6 16. Rh3 Bxh4 17. Rdh1 Bf6 18. Bxh5 gxh5 19. Nxf5 Ng7 20. g4 Nb6 21.
Nh6+ Kh7 22. Nxe4 Kxh6 23. f5+ Kh7 24. Bd4 Nxc4 25. Rxh5+ Kg8 26. Qh6 Bxd4 27.
Qg6 Na3+ 28. Kc1 Bxb2+ 29. Kd1 Bxf5 30. Rh8# 1-0

[Event "European Online Chess Club Cup 2021 - G"]
[Site "Tornelo.com"]
[Date "2021.03.27"]
[Round "1.2"]
[White "Krieger, Markus"]
[Black "Bacrot, Etienne"]
[Result "1/2-1/2"]
[WhiteElo "2050"]
[BlackElo "2678"]
[PlyCount "131"]
[EventDate "2021.03.27"]
[EventType "team"]
[EventRounds "9"]
[WhiteTeam "Triesen"]
[BlackTeam "OSG Baden Baden e.V."]

1. e4 c5 2. Nc3 Nc6 3. Bb5 g6 4. Bxc6 bxc6 5. d3 Bg7 6. f4 d6 7. Nf3 Nh6 8. O-O
O-O 9. Qe1 f5 10. e5 Rb8 11. b3 Nf7 12. Bb2 dxe5 13. Nxe5 Nxe5 14. fxe5 Qd4+
15. Kh1 Qxe5 16. Na4 Qxe1 17. Raxe1 Bxb2 18. Nxb2 Kf7 19. Re5 Bd7 20. Na4 Rfe8
21. Nxc5 Rbd8 22. Rfe1 Bc8 23. Kg1 Rd6 24. c3 Rd5 25. d4 Rxe5 26. Rxe5 Kf6 27.
Kf2 Rd8 28. Nd3 Rd7 29. Rc5 Bb7 30. Ne5 Rd6 31. Ra5 a6 32. Nd3 Bc8 33. Nc5 Rd5
34. Ra4 e5 35. Nxa6 exd4 36. cxd4 Bxa6 37. Rxa6 Rxd4 38. Rxc6+ Ke5 39. Rc5+ Kd6
40. Rc2 Kd5 41. Ke2 Re4+ 42. Kf3 Re1 43. Rc7 Rf1+ 44. Ke2 Rb1 45. Rxh7 Rb2+ 46.
Kf3 Rxa2 47. Rg7 Ra6 48. h4 Ke5 49. Rb7 Rd6 50. Rb5+ Kf6 51. b4 Rd3+ 52. Ke2
Rg3 53. Kf2 Rg4 54. g3 Rc4 55. Rb6+ Kg7 56. b5 Rc3 57. Rb8 Rb3 58. b6 Kh7 59.
b7 Kg7 60. Ke2 Rb2+ 61. Kd3 Rb3+ 62. Kd4 Rb1 63. Ke5 Rb5+ 64. Ke6 Rb6+ 65. Ke7
Rb1 66. Kd7 1/2-1/2

[Event "European Online Chess Club Cup 2021 - G"]
[Site "Tornelo.com"]
[Date "2021.03.27"]
[Round "1.4"]
[White "Frick, Renato"]
[Black "Naiditsch, Arkadij"]
[Result "0-1"]
[WhiteElo "1947"]
[BlackElo "2649"]
[PlyCount "98"]
[EventDate "2021.03.27"]
[EventType "team"]
[EventRounds "9"]
[WhiteTeam "Triesen"]
[BlackTeam "OSG Baden Baden e.V."]

1. e4 c5 2. Nf3 Nc6 3. Nc3 g6 4. d4 cxd4 5. Nxd4 Bg7 6. Be3 Nf6 7. Be2 d6 8. h3
O-O 9. a4 Bd7 10. O-O Rc8 11. Qd2 a6 12. Rfd1 Na5 13. f3 Nc4 14. Bxc4 Rxc4 15.
b3 Rc8 16. Nd5 Re8 17. c4 Bc6 18. Rac1 Nd7 19. Nc3 Nc5 20. Qc2 Bd7 21. Nde2 a5
22. Nb5 b6 23. Nf4 Rb8 24. Rd2 Qc8 25. Nd5 Bc6 26. Bg5 Bxd5 27. Rxd5 Na6 28.
Bd2 Rd8 29. Rd1 Rb7 30. Be1 Rbd7 31. Qe2 Nc5 32. Qc2 Bf6 33. Bf2 Qb8 34. Bg3 h5
35. h4 Kg7 36. Bf2 Na6 37. Be1 e6 38. R5d3 Qc8 39. Bc3 Qc5+ 40. Qf2 Bxc3 41.
Qxc5 Nxc5 42. Rxc3 f5 43. Nd4 Kf6 44. Re3 f4 45. Rc3 Rc8 46. Ne2 g5 47. hxg5+
Kxg5 48. e5 Rcd8 49. Nd4 dxe5 0-1

[Event "European Online Chess Club Cup 2021 - G"]
[Site "Tornelo.com"]
[Date "2021.03.27"]
[Round "1.1"]
[White "Artemiev, Vladislav"]
[Black "Hrbek, Stepan"]
[Result "1-0"]
[WhiteElo "2709"]
[BlackElo "2230"]
[PlyCount "61"]
[EventDate "2021.03.27"]
[EventType "team"]
[EventRounds "9"]
[WhiteTeam "Ladya Kazan"]
[BlackTeam "Bohemian Fire B"]

1. d4 d5 2. Nf3 Nf6 3. Bf4 e6 4. e3 Bd6 5. Nbd2 O-O 6. Bd3 b6 7. Ne5 Ba6 8.
Bxa6 Nxa6 9. Bg5 Nb8 10. O-O Be7 11. c4 Nfd7 12. Bxe7 Qxe7 13. Nd3 dxc4 14.
Nxc4 Nc6 15. Qa4 Nd8 16. b4 Nb7 17. Qc6 Nd6 18. Qxc7 Nb5 19. Qc6 Nc3 20. Nd6
Ne2+ 21. Kh1 Rad8 22. Qc7 Nc3 23. e4 f5 24. Ne5 Nxe4 25. Nxe4 fxe4 26. Nc6 Qe8
27. Nxd8 Qxd8 28. Qc6 Qe7 29. Qxe4 Nf6 30. Qe2 Nd5 31. a3 1-0

[Event "European Online Chess Club Cup 2021 - G"]
[Site "Tornelo.com"]
[Date "2021.03.27"]
[Round "1.2"]
[White "Nemec, Jachym"]
[Black "Kamsky, Gata"]
[Result "0-1"]
[WhiteElo "2229"]
[BlackElo "2665"]
[PlyCount "76"]
[EventDate "2021.03.27"]
[EventType "team"]
[EventRounds "9"]
[WhiteTeam "Bohemian Fire B"]
[BlackTeam "Ladya Kazan"]

1. d4 d5 2. c4 c6 3. Nc3 Nf6 4. Nf3 a6 5. e3 g6 6. a3 Bg7 7. Bd2 O-O 8. Rc1 Ne4
9. cxd5 Nxd2 10. Nxd2 cxd5 11. Qb3 e6 12. g3 Nc6 13. Bg2 Qd6 14. O-O Bd7 15.
Qa2 Rfc8 16. Nb3 b6 17. Rfd1 Ne7 18. e4 dxe4 19. Nxe4 Rxc1 20. Nxc1 Qb8 21. Nd3
Ra7 22. Nf4 h6 23. Nc3 Nf5 24. d5 e5 25. Nfe2 Nd6 26. h4 h5 27. Ne4 Nxe4 28.
Bxe4 Qd6 29. Bg2 Rc7 30. Qb3 Kh7 31. Nc3 f5 32. Bf1 b5 33. Na2 e4 34. Rd2 f4
35. Qb4 Qe5 36. d6 Rc8 37. Nc3 fxg3 38. Nxe4 a5 0-1

[Event "European Online Chess Club Cup 2021 - G"]
[Site "Tornelo.com"]
[Date "2021.03.27"]
[Round "2.1"]
[White "Rapport, Richard"]
[Black "Artemiev, Vladislav"]
[Result "1/2-1/2"]
[WhiteElo "2763"]
[BlackElo "2709"]
[PlyCount "76"]
[EventDate "2021.03.27"]
[EventType "team"]
[EventRounds "9"]
[WhiteTeam "OSG Baden Baden e.V."]
[BlackTeam "Ladya Kazan"]

1. Nf3 d5 2. d4 Nf6 3. c4 dxc4 4. e3 c5 5. Bxc4 e6 6. O-O a6 7. dxc5 Bxc5 8.
Qxd8+ Kxd8 9. Ne5 Ke7 10. Be2 Bd7 11. Nxd7 Nbxd7 12. Rd1 Rhd8 13. Nc3 b5 14.
Bd2 Nb6 15. Rac1 Rac8 16. Be1 Bd6 17. Bf3 Rc7 18. Ne2 Rxc1 19. Rxc1 e5 20. Bb7
Rb8 21. Bxa6 Na4 22. Nc3 Rb6 23. Nxa4 bxa4 24. Bd3 Rxb2 25. Rc2 Rb7 26. e4 Nd7
27. Kf1 Nc5 28. Ke2 Ne6 29. Kf1 Nf4 30. Bc4 Rb1 31. g3 Bb4 32. gxf4 Rxe1+ 33.
Kg2 Rxe4 34. fxe5 a3 35. Bb3 Rxe5 36. Rc7+ Kd6 37. Rxf7 Re7 38. Rxe7 Kxe7
1/2-1/2

[Event "European Online Chess Club Cup 2021 - G"]
[Site "Tornelo.com"]
[Date "2021.03.27"]
[Round "2.2"]
[White "Kamsky, Gata"]
[Black "Bacrot, Etienne"]
[Result "1/2-1/2"]
[WhiteElo "2665"]
[BlackElo "2678"]
[PlyCount "91"]
[EventDate "2021.03.27"]
[EventType "team"]
[EventRounds "9"]
[WhiteTeam "Ladya Kazan"]
[BlackTeam "OSG Baden Baden e.V."]

1. d4 d5 2. Nf3 Nf6 3. Bf4 e6 4. e3 Bd6 5. Bxd6 Qxd6 6. c4 b6 7. Nc3 O-O 8. Be2
Bb7 9. O-O dxc4 10. Bxc4 Nbd7 11. Rc1 c5 12. dxc5 Qxc5 13. Be2 Rfd8 14. Qa4 Qe7
15. Rfd1 h6 16. b4 a5 17. a3 axb4 18. Qxb4 Qxb4 19. axb4 Kf8 20. Nd4 Nd5 21.
Nxd5 Bxd5 22. f3 Ne5 23. e4 Ba2 24. Kf2 g5 25. g3 Rd7 26. Bb5 Rda7 27. Rc3 Ra3
28. Rxa3 Rxa3 29. Ra1 Nd3+ 30. Bxd3 Rxd3 31. Nc6 Rd2+ 32. Ke3 Rxh2 33. Ne5 Rb2
34. Rc1 f6 35. Ng4 Rb3+ 36. Kf2 f5 37. exf5 exf5 38. Nxh6 Rb2+ 39. Ke3 Rb3+ 40.
Kf2 Bb1 41. Rc6 Kg7 42. Rxb6 Rb2+ 43. Kg1 Rb3 44. Kf2 Rb2+ 45. Kg1 Rb3 46. Kf2
1/2-1/2

[Event "European Online Chess Club Cup 2021 - G"]
[Site "Tornelo.com"]
[Date "2021.03.27"]
[Round "2.3"]
[White "Shirov, Alexei"]
[Black "Timofeev, Artyom"]
[Result "0-1"]
[WhiteElo "2662"]
[BlackElo "2594"]
[PlyCount "112"]
[EventDate "2021.03.27"]
[EventType "team"]
[EventRounds "9"]
[WhiteTeam "OSG Baden Baden e.V."]
[BlackTeam "Ladya Kazan"]

1. d4 d5 2. c4 dxc4 3. e4 Nc6 4. Nf3 Bg4 5. Be3 Bxf3 6. gxf3 e6 7. Bxc4 Bb4+ 8.
Nc3 Nge7 9. a3 Bxc3+ 10. bxc3 O-O 11. O-O Na5 12. Ba2 b5 13. a4 a6 14. f4 Qd7
15. Qh5 Qc6 16. d5 exd5 17. exd5 Qf6 18. Qe5 Qh4 19. Qg5 Qxg5+ 20. fxg5 bxa4
21. Bc5 Rfe8 22. Rae1 Nf5 23. Bb1 Nd6 24. Bd3 Nb3 25. Bb4 a5 26. Ba3 Nd2 27.
Rxe8+ Rxe8 28. Ra1 N6c4 29. Bxc4 Nxc4 30. Bc5 a3 31. Bxa3 Re5 32. Bc1 Rxd5 33.
Bf4 Rf5 34. Bxc7 Rxg5+ 35. Kf1 h5 36. Ke2 Rc5 37. Bf4 f6 38. Kd3 g5 39. Bc1
Ne5+ 40. Kc2 Ng4 41. f4 Nxh2 42. Be3 Rf5 43. fxg5 fxg5 44. Rh1 Ng4 45. Bb6 h4
46. c4 Kf7 47. c5 Ne5 48. Bxa5 Nd7 49. Be1 Rxc5+ 50. Kb2 Rc4 51. Bc3 Kg6 52.
Rd1 Nc5 53. Rd6+ Kh5 54. Bg7 h3 55. Rh6+ Kg4 56. Bf8 Ne4 0-1

[Event "European Online Chess Club Cup 2021 - G"]
[Site "Tornelo.com"]
[Date "2021.03.27"]
[Round "2.4"]
[White "Sharafiev, Azat"]
[Black "Naiditsch, Arkadij"]
[Result "1/2-1/2"]
[WhiteElo "2432"]
[BlackElo "2649"]
[PlyCount "92"]
[EventDate "2021.03.27"]
[EventType "team"]
[EventRounds "9"]
[WhiteTeam "Ladya Kazan"]
[BlackTeam "OSG Baden Baden e.V."]

1. d4 Nf6 2. Nf3 d5 3. c4 e6 4. Nc3 c5 5. cxd5 Nxd5 6. e4 Nxc3 7. bxc3 cxd4 8.
cxd4 Bb4+ 9. Bd2 Bxd2+ 10. Qxd2 O-O 11. Bc4 Nd7 12. O-O b6 13. d5 Nc5 14. dxe6
Bxe6 15. Bxe6 fxe6 16. Qe3 Qd3 17. Qxd3 Nxd3 18. Nd4 e5 19. Nf5 Kf7 20. Rfd1
Rfd8 21. f3 Rac8 22. Rd2 g6 23. Ne3 Nf4 24. Rad1 Rd4 25. g3 Rcd8 26. Rxd4 Ne2+
27. Kf2 Nxd4 28. Nc4 Ke6 29. f4 exf4 30. gxf4 b5 31. Ne5 Rd6 32. Nf3 Nxf3 33.
Rxd6+ Kxd6 34. Kxf3 b4 35. Ke3 Kc5 36. Kd3 a5 37. h4 a4 38. e5 Kd5 39. Kc2 h6
40. Kd3 g5 41. fxg5 hxg5 42. hxg5 Kxe5 43. Kc4 b3 44. axb3 axb3 45. Kxb3 Kf5
46. g6 Kxg6 1/2-1/2

[Event "European Online Chess Club Cup 2021 - G"]
[Site "Tornelo.com"]
[Date "2021.03.27"]
[Round "3.1"]
[White "Artemiev, Vladislav"]
[Black "Horvath, Laszlo"]
[Result "1-0"]
[WhiteElo "2709"]
[BlackElo "2183"]
[PlyCount "63"]
[EventDate "2021.03.27"]
[EventType "team"]
[EventRounds "9"]
[WhiteTeam "Ladya Kazan"]
[BlackTeam "Triesen"]

1. d4 Nf6 2. c4 g6 3. Nc3 d5 4. cxd5 Nxd5 5. e4 Nxc3 6. bxc3 Bg7 7. Bg5 c5 8.
Rc1 cxd4 9. cxd4 O-O 10. d5 f6 11. Bf4 Qa5+ 12. Bd2 Qxa2 13. Nf3 Qa3 14. Bc4
Qd6 15. O-O Kh8 16. Nd4 a6 17. Re1 b5 18. Ba2 Bd7 19. Qb3 Rc8 20. Rxc8+ Bxc8
21. Bb4 Qb6 22. d6 e6 23. Nxe6 Bxe6 24. Qxe6 Qd8 25. Ba5 Qf8 26. Rc1 Nc6 27.
Rxc6 Re8 28. d7 Rxe6 29. Bxe6 f5 30. Rc8 Qxc8 31. dxc8=Q+ Bf8 32. Qxf8# 1-0

[Event "European Online Chess Club Cup 2021 - G"]
[Site "Tornelo.com"]
[Date "2021.03.27"]
[Round "3.2"]
[White "Krieger, Markus"]
[Black "Kamsky, Gata"]
[Result "0-1"]
[WhiteElo "2050"]
[BlackElo "2665"]
[PlyCount "68"]
[EventDate "2021.03.27"]
[EventType "team"]
[EventRounds "9"]
[WhiteTeam "Triesen"]
[BlackTeam "Ladya Kazan"]

1. e4 g6 2. d4 Bg7 3. Be3 d6 4. Nc3 a6 5. Qd2 b5 6. Nf3 Bb7 7. Bd3 Nd7 8. a3
Ngf6 9. Bh6 O-O 10. h4 e5 11. dxe5 dxe5 12. O-O Qe7 13. Rfe1 Rfe8 14. Bxg7 Kxg7
15. Rad1 Rad8 16. Qe3 Qc5 17. Nd2 Qxe3 18. Rxe3 Nc5 19. f3 Nh5 20. Nb3 Nxb3 21.
cxb3 Rd6 22. Bc2 Rxd1+ 23. Nxd1 Nf4 24. g3 Ne6 25. Kf2 c5 26. b4 Nd4 27. Rc3
cxb4 28. axb4 Nc6 29. Bb3 Re7 30. Ne3 Nxb4 31. Ke2 a5 32. Rc5 a4 33. Rxb5 Ba6
34. Bxa4 Rb7 0-1

[Event "European Online Chess Club Cup 2021 - G"]
[Site "Tornelo.com"]
[Date "2021.03.27"]
[Round "3.1"]
[White "Deac, Bogdan-Daniel"]
[Black "Rapport, Richard"]
[Result "1/2-1/2"]
[WhiteElo "2625"]
[BlackElo "2763"]
[PlyCount "100"]
[EventDate "2021.03.27"]
[EventType "team"]
[EventRounds "9"]
[WhiteTeam "La Garde du Roi"]
[BlackTeam "OSG Baden Baden e.V."]

1. e4 e5 2. Nf3 Nc6 3. Bc4 Bc5 4. c3 Nf6 5. d3 h6 6. O-O d6 7. Re1 a6 8. a4 Ba7
9. Nbd2 O-O 10. h3 Re8 11. b4 Be6 12. Bxe6 Rxe6 13. Qc2 Qd7 14. Nf1 d5 15. Be3
d4 16. cxd4 Nxd4 17. Nxd4 Bxd4 18. Bxd4 Qxd4 19. Qxc7 Qxd3 20. Qxb7 Qd8 21.
Rad1 Qb8 22. Qxb8+ Rxb8 23. Rb1 Reb6 24. b5 axb5 25. axb5 Rxb5 26. Rxb5 Rxb5
27. Ng3 g6 28. f3 Nh7 29. h4 Nf8 30. h5 Ne6 31. hxg6 fxg6 32. Re2 Nf4 33. Rd2
Rb3 34. Nf1 h5 35. Kf2 Kf7 36. Ne3 Ke6 37. Nd5 g5 38. g3 Nh3+ 39. Kg2 g4 40.
fxg4 hxg4 41. Nc7+ Ke7 42. Nd5+ Kf7 43. Ra2 Rf3 44. Ra7+ Ke8 45. Re7+ Kd8 46.
Rxe5 Rf2+ 47. Kh1 Rf1+ 48. Kg2 Rf2+ 49. Kh1 Rf1+ 50. Kg2 Rf2+ 1/2-1/2

[Event "European Online Chess Club Cup 2021 - G"]
[Site "Tornelo.com"]
[Date "2021.03.27"]
[Round "3.2"]
[White "Bacrot, Etienne"]
[Black "Istratescu, Andrei"]
[Result "1-0"]
[WhiteElo "2678"]
[BlackElo "2553"]
[PlyCount "79"]
[EventDate "2021.03.27"]
[EventType "team"]
[EventRounds "9"]
[WhiteTeam "OSG Baden Baden e.V."]
[BlackTeam "La Garde du Roi"]

1. e4 e5 2. Nf3 Nc6 3. Bc4 Bc5 4. c3 Nf6 5. d3 O-O 6. O-O d6 7. h3 a6 8. a4 Ba7
9. Re1 Ne7 10. d4 Ng6 11. Nbd2 exd4 12. cxd4 d5 13. exd5 Nxd5 14. Ne4 c6 15.
Ne5 Nxe5 16. dxe5 Be6 17. Bg5 Qd7 18. Qf3 Bd4 19. Qg3 Kh8 20. Rad1 c5 21. b4
Nxb4 22. Nxc5 Bxc5 23. Rxd7 Bxd7 24. Qb3 Be6 25. Be3 Bxc4 26. Qxc4 Be7 27. Qc7
Rfe8 28. Rd1 b5 29. Rd7 Rec8 30. Qb7 Rab8 31. Qf3 Nc6 32. Qxf7 b4 33. Rxe7 Nxe7
34. Qxe7 b3 35. Bd4 b2 36. Bxb2 Rxb2 37. e6 h6 38. Qd7 Rc1+ 39. Kh2 Re1 40. f4
1-0

[Event "European Online Chess Club Cup 2021 - G"]
[Site "Tornelo.com"]
[Date "2021.03.27"]
[Round "3.3"]
[White "Marin, Mihail"]
[Black "Shirov, Alexei"]
[Result "1-0"]
[WhiteElo "2502"]
[BlackElo "2662"]
[PlyCount "81"]
[EventDate "2021.03.27"]
[EventType "team"]
[EventRounds "9"]
[WhiteTeam "La Garde du Roi"]
[BlackTeam "OSG Baden Baden e.V."]

1. c4 c6 2. Nf3 d5 3. g3 g6 4. Bg2 Bg7 5. Qa4 e6 6. O-O Ne7 7. d4 Nf5 8. Rd1
O-O 9. Nbd2 dxc4 10. e3 b5 11. Qc2 Bb7 12. b3 c5 13. bxc4 cxd4 14. exd4 Nxd4
15. Nxd4 Bxg2 16. Kxg2 Qxd4 17. Rb1 bxc4 18. Nxc4 Qc5 19. Ba3 Qc6+ 20. Kg1 Rc8
21. Qe2 Nd7 22. Nd6 Rcb8 23. Rbc1 Qa4 24. Nxf7 Kxf7 25. Rc7 Rd8 26. Qf3+ Kg8
27. Rdxd7 Rxd7 28. Qxa8+ Kf7 29. Rxd7+ Qxd7 30. Bc5 a6 31. h4 Qd1+ 32. Kh2 Qd5
33. Qa7+ Kg8 34. a4 Qc6 35. a5 h5 36. Qb6 Qxb6 37. axb6 Be5 38. f4 Bb8 39. Bd4
Bd6 40. b7 a5 41. Be5 1-0

[Event "European Online Chess Club Cup 2021 - G"]
[Site "Tornelo.com"]
[Date "2021.03.27"]
[Round "4.1"]
[White "Rapport, Richard"]
[Black "Hera, Imre Jr."]
[Result "1-0"]
[WhiteElo "2763"]
[BlackElo "2610"]
[PlyCount "65"]
[EventDate "2021.03.27"]
[EventType "team"]
[EventRounds "9"]
[WhiteTeam "OSG Baden Baden e.V."]
[BlackTeam "Haladas VSE Szombathely"]

1. c4 c5 2. Nc3 Nc6 3. g3 g6 4. Bg2 Bg7 5. d3 e6 6. Bxc6 dxc6 7. Qd2 e5 8. b3
Ne7 9. Bb2 b6 10. f4 exf4 11. gxf4 Nf5 12. O-O-O Qe7 13. Ne4 f6 14. Nf3 Bd7 15.
h4 O-O-O 16. h5 Be6 17. Bc3 Rhf8 18. hxg6 hxg6 19. Rdg1 Qf7 20. Qb2 Kb8 21. Rh7
Qg8 22. Rxg7 Nxg7 23. Bxf6 Rd7 24. Rxg6 Bf5 25. Qe5+ Ka8 26. Rxg7 Rxg7 27. Bxg7
Re8 28. Qxf5 Qxg7 29. Ne5 Qg1+ 30. Kb2 Qd4+ 31. Nc3 Qe3 32. Qd7 Qd2+ 33. Kb1
1-0

[Event "European Online Chess Club Cup 2021 - G"]
[Site "Tornelo.com"]
[Date "2021.03.27"]
[Round "4.2"]
[White "Nemeth, Miklos"]
[Black "Bacrot, Etienne"]
[Result "0-1"]
[WhiteElo "2488"]
[BlackElo "2678"]
[PlyCount "126"]
[EventDate "2021.03.27"]
[EventType "team"]
[EventRounds "9"]
[WhiteTeam "Haladas VSE Szombathely"]
[BlackTeam "OSG Baden Baden e.V."]

1. e4 c5 2. Nf3 Nc6 3. d4 cxd4 4. Nxd4 Nf6 5. Nc3 d6 6. Bg5 e6 7. Qd2 a6 8.
O-O-O Bd7 9. g3 Be7 10. Bg2 Ne5 11. Nb3 Rc8 12. f4 Nc4 13. Qd4 h6 14. Bh4 Qc7
15. Rhe1 b5 16. e5 dxe5 17. fxe5 Nxe5 18. Qxe5 Qxe5 19. Rxe5 g5 20. Bb7 Rb8 21.
Bxa6 b4 22. Ne4 gxh4 23. Nxf6+ Bxf6 24. Rc5 Ba4 25. Rc7 hxg3 26. hxg3 Bxb3 27.
axb3 Be5 28. Ra7 Bxg3 29. Rf1 Rf8 30. Bd3 Bh4 31. Kd1 Be7 32. Ke2 Rg8 33. Be4
f5 34. Bf3 Kf7 35. Rd1 Kf6 36. Rdd7 Rg7 37. Ra6 Bf8 38. Rxg7 Bxg7 39. Bd5 Re8
40. c4 Kf7 41. Bf3 Rc8 42. Rb6 Bf8 43. Bh5+ Kf6 44. Bf3 Bc5 45. Ra6 Ke5 46. Bh5
Rc7 47. Kf3 Bd4 48. Ra5+ Kf6 49. Rb5 Bc5 50. Ke2 e5 51. Ra5 e4 52. Ra6+ Kg5 53.
Be8 f4 54. Rg6+ Kf5 55. Rxh6 f3+ 56. Ke1 Rg7 57. Rh5+ Rg5 58. Bd7+ Kf4 59. Rxg5
Kxg5 60. Bc6 Kf4 61. Bd5 e3 62. Bc6 Bd4 63. Bd5 Bxb2 0-1

[Event "European Online Chess Club Cup 2021 - G"]
[Site "Tornelo.com"]
[Date "2021.03.27"]
[Round "4.4"]
[White "Csonka, Attila Istvan"]
[Black "Naiditsch, Arkadij"]
[Result "0-1"]
[WhiteElo "2362"]
[BlackElo "2649"]
[PlyCount "96"]
[EventDate "2021.03.27"]
[EventType "team"]
[EventRounds "9"]
[WhiteTeam "Haladas VSE Szombathely"]
[BlackTeam "OSG Baden Baden e.V."]

1. e4 c5 2. Nf3 Nc6 3. d4 cxd4 4. Nxd4 Qb6 5. Nb3 Nf6 6. Nc3 e6 7. Be3 Qc7 8.
Bd3 a6 9. O-O b5 10. a3 Ne5 11. h3 Bb7 12. f4 Nc4 13. Bxc4 bxc4 14. Nd2 Be7 15.
Qe2 Rc8 16. Bd4 O-O 17. Kh1 d6 18. Nf3 Nh5 19. Qe3 Ng3+ 20. Kg1 Nxf1 21. Rxf1
Qd7 22. Rd1 f6 23. f5 exf5 24. exf5 Rfe8 25. Qf4 Bf8 26. Nh2 Qf7 27. Ng4 h5 28.
Nh2 g5 29. fxg6 Qxg6 30. Nf3 Re6 31. Nh4 Qg5 32. Rf1 Qxf4 33. Rxf4 Bh6 34. Rf2
Rf8 35. Nf5 Kh7 36. Ne2 Be4 37. Neg3 Bxf5 38. Nxf5 Re1+ 39. Kh2 Re4 40. g3 Bc1
41. c3 d5 42. Rc2 Re1 43. Bf2 Rd1 44. Kg2 Rb8 45. Re2 Rxb2 46. Re7+ Kg8 47. Kf3
Rd3+ 48. Be3 Bxe3 0-1

[Event "European Online Chess Club Cup 2021 - G"]
[Site "Tornelo.com"]
[Date "2021.03.27"]
[Round "4.1"]
[White "Artemiev, Vladislav"]
[Black "Deac, Bogdan-Daniel"]
[Result "1/2-1/2"]
[WhiteElo "2709"]
[BlackElo "2625"]
[PlyCount "205"]
[EventDate "2021.03.27"]
[EventType "team"]
[EventRounds "9"]
[WhiteTeam "Ladya Kazan"]
[BlackTeam "La Garde du Roi"]

1. e4 c6 2. d4 d5 3. exd5 cxd5 4. Bd3 Nc6 5. c3 Qc7 6. h3 e6 7. Nf3 Bd6 8. O-O
Nge7 9. Re1 h6 10. Na3 a6 11. Nc2 O-O 12. Ne3 f5 13. c4 Bd7 14. Bd2 Be8 15.
cxd5 exd5 16. Qb3 Rd8 17. Nxd5 Nxd5 18. Qxd5+ Kh8 19. Qb3 Bh5 20. Bf1 Bxf3 21.
Qxf3 Nxd4 22. Qh5 Qf7 23. Qxf7 Rxf7 24. Rac1 Rfd7 25. Ba5 Rf8 26. Bb6 Nc6 27.
Bxa6 Bf4 28. Rc4 bxa6 29. Rxc6 Rd2 30. Bc5 Ra8 31. Ba3 Bg5 32. Rce6 Bf6 33.
R1e2 Rad8 34. Bc5 Bxb2 35. Rxd2 Rxd2 36. Rxa6 Bd4 37. Bxd4 Rxd4 38. Kh2 f4 39.
f3 Rd2 40. h4 h5 41. Ra5 g6 42. Ra7 Rc2 43. a4 Ra2 44. a5 Kg8 45. a6 Kf8 46.
Kg1 Ke8 47. Kf1 Kf8 48. Ke1 Ke8 49. Kd1 Kd8 50. Ra8+ Kc7 51. a7 Kb7 52. Rg8
Kxa7 53. Rxg6 Kb7 54. Ke1 Ra1+ 55. Kf2 Rh1 56. Ke2 Rxh4 57. Kd3 Kc7 58. Ke4 Kd7
59. Kf5 Ke7 60. Rg7+ Kf8 61. Rg5 Kf7 62. Ke5 Ke7 63. Rg7+ Kf8 64. Kf6 Rh2 65.
Rf7+ Kg8 66. Rg7+ Kf8 67. Ra7 Kg8 68. Ra2 h4 69. Kg6 Kf8 70. Kf5 h3 71. Kf6 Ke8
72. Ra8+ Kd7 73. gxh3 Rxh3 74. Ra3 Rh6+ 75. Kg5 Re6 76. Ra5 Ke7 77. Rf5 Ra6 78.
Rxf4 Rb6 79. Rf5 Ra6 80. f4 Rb6 81. Kg4 Rb1 82. Ra5 Rb6 83. Kg5 Kf7 84. Ra7+
Kf8 85. Rd7 Rc6 86. Kf5 Rb6 87. Ke5 Ra6 88. f5 Rb6 89. Kf4 Ra6 90. Kg5 Rb6 91.
Ra7 Rc6 92. Rh7 Rb6 93. Rh6 Rxh6 94. Kxh6 Kf7 95. Kg5 Kg7 96. f6+ Kf7 97. Kf5
Kf8 98. Kg6 Kg8 99. Kh6 Kf7 100. Kg5 Kf8 101. Kg6 Kg8 102. f7+ Kf8 103. Kf6
1/2-1/2

[Event "European Online Chess Club Cup 2021 - G"]
[Site "Tornelo.com"]
[Date "2021.03.27"]
[Round "4.2"]
[White "Istratescu, Andrei"]
[Black "Kamsky, Gata"]
[Result "1/2-1/2"]
[WhiteElo "2553"]
[BlackElo "2665"]
[PlyCount "67"]
[EventDate "2021.03.27"]
[EventType "team"]
[EventRounds "9"]
[WhiteTeam "La Garde du Roi"]
[BlackTeam "Ladya Kazan"]

1. d4 d5 2. c4 c6 3. Nf3 Nf6 4. Nc3 a6 5. c5 g6 6. Bf4 Nh5 7. Bd2 Bg7 8. h3 Nd7
9. e4 dxe4 10. Nxe4 Ndf6 11. Nxf6+ Bxf6 12. Be3 Ng7 13. Qd2 Be6 14. Be2 Bd5 15.
O-O O-O 16. Ne5 Nf5 17. Ng4 Bg7 18. Nh6+ Nxh6 19. Bxh6 a5 20. Bxg7 Kxg7 21. b3
e6 22. Qe3 Qf6 23. Rfd1 Rfb8 24. Rd2 b5 25. Re1 b4 26. Bd1 Rd8 27. Bc2 h6 28.
Bd1 Rd7 29. Ree2 Rad8 30. Rd3 Ra8 31. Qd2 Qg5 32. f4 Qf6 33. Re5 Rad8 34. Qf2
1/2-1/2

[Event "European Online Chess Club Cup 2021 - G"]
[Site "Tornelo.com"]
[Date "2021.03.28"]
[Round "5.1"]
[White "Hera, Imre Jr."]
[Black "Artemiev, Vladislav"]
[Result "1/2-1/2"]
[WhiteElo "2610"]
[BlackElo "2709"]
[PlyCount "92"]
[EventDate "2021.03.27"]
[EventType "team"]
[EventRounds "9"]
[WhiteTeam "Haladas VSE Szombathely"]
[BlackTeam "Ladya Kazan"]

1. e4 c5 2. Nc3 g6 3. g3 Bg7 4. Bg2 Nc6 5. d3 d6 6. Be3 e5 7. f4 exf4 8. Bxf4
Nge7 9. Nf3 O-O 10. O-O d5 11. Qd2 c4 12. exd5 Nxd5 13. Nxd5 Qxd5 14. Ng5 Qd8
15. dxc4 Qxd2 16. Bxd2 Bxb2 17. Rab1 Bd4+ 18. Kh1 Kg7 19. Bd5 f6 20. Ne6+ Bxe6
21. Bxe6 b6 22. Bf4 Bc5 23. Rbd1 Rad8 24. c3 Ne5 25. Rd5 Rde8 26. Bxe5 Rxe6 27.
Bd4 Bxd4 28. cxd4 Re2 29. a3 Ra2 30. c5 bxc5 31. dxc5 Re8 32. Rd7+ Kh6 33. Rd4
Ree2 34. Rh4+ Kg7 35. Rc1 g5 36. Rhc4 Rxh2+ 37. Kg1 Rag2+ 38. Kf1 Rd2 39. Kg1
Rhe2 40. c6 Rg2+ 41. Kh1 Rh2+ 42. Kg1 Rdg2+ 43. Kf1 Ra2 44. Kg1 Rag2+ 45. Kf1
Ra2 46. Kg1 Rag2+ 1/2-1/2

[Event "European Online Chess Club Cup 2021 - G"]
[Site "Tornelo.com"]
[Date "2021.03.28"]
[Round "5.1"]
[White "Jakubowski, Krzysztof"]
[Black "Rapport, Richard"]
[Result "0-1"]
[WhiteElo "2497"]
[BlackElo "2763"]
[PlyCount "112"]
[EventDate "2021.03.27"]
[EventType "team"]
[EventRounds "9"]
[WhiteTeam "SF Berlin"]
[BlackTeam "OSG Baden Baden e.V."]

1. e4 e5 2. Nf3 Nc6 3. Nc3 Nf6 4. Bb5 Bd6 5. O-O O-O 6. Re1 Re8 7. h3 Nd4 8.
Bc4 c6 9. a4 Bc7 10. Ba2 d6 11. d3 Be6 12. Bg5 Bxa2 13. Rxa2 Ne6 14. Bh4 Nf4
15. Nh2 Ng6 16. Bg3 d5 17. Ng4 Nxg4 18. Qxg4 Ba5 19. Rb1 dxe4 20. Nxe4 Qd5 21.
Raa1 Rf8 22. Qh5 Rae8 23. b4 Bd8 24. a5 f5 25. Nc5 b6 26. axb6 axb6 27. Nb3 f4
28. Bh2 Nh4 29. Qg4 Re6 30. c4 Qd6 31. g3 Rg6 32. Qe2 e4 33. c5 exd3 34. cxd6
dxe2 35. Nd4 Rxd6 36. Nxe2 Nf3+ 37. Kg2 Nxh2 38. Kxh2 fxg3+ 39. Nxg3 Rxf2+ 40.
Kg1 Rc2 41. Rd1 Rxd1+ 42. Rxd1 Be7 43. Nf5 Bxb4 44. Rd7 Bc5+ 45. Kh1 Rf2 46.
Rxg7+ Kf8 47. Rg5 b5 48. Nh6 Bd4 49. Rg8+ Ke7 50. Rb8 Kd6 51. Rb7 Kc5 52. Nf7
b4 53. Nd8 Rf6 54. Rxh7 b3 55. Nb7+ Kb6 56. Nd6 Rxd6 0-1